000
00310nam a22001457a 4500
008
210302b ||||| |||| 00| 0 eng d
020
_a
9780609802953
041
_a
eng
080
_a
038
082
_a
038
100
_a
23
101
_a
FJA
245
_a
Italian Dictionary
_c
Martin, G. A
942
_2
udc
_c
BK
999
_c
55479
_d
55479